|
|
|
|
| LEADER |
01628nam a2200313 a 4500 |
| 001 |
3460537 |
| 008 |
091226s1990 ja b 000 0 eng d |
| 010 |
|
|
|a 92205256
|
| 020 |
|
|
|a 9280807315
|
| 040 |
|
|
|a DLC
|c DLC
|d BD-DhAAL
|
| 082 |
0 |
0 |
|a 303.48/3
|2 20
|
| 245 |
0 |
0 |
|a Human rights and scientific and technological development :
|b studies on the affirmative use of science and technology for the furtherance of human rights /
|c commissioned as a special project by the United Nations University, following a reference to the university by the United Nations Human Rights Commission ; edited by C.G. Weeramantry.
|
| 260 |
|
|
|a Tokyo :
|b United Nations University Press,
|c c1990.
|
| 300 |
|
|
|a vi, 222 p. ;
|c 24 cm.
|
| 500 |
|
|
|a "HRSTD-1/UNUP-731"--Verso t.p.
|
| 500 |
|
|
|a "United Nations Sales No. E.90.III.A.3"--Verso t.p.
|
| 504 |
|
|
|a Includes bibliographical references.
|
| 541 |
1 |
|
|e 00010917
|
| 650 |
|
0 |
|a Science
|x Social aspects.
|
| 650 |
|
0 |
|a Technology
|x Social aspects.
|
| 650 |
|
0 |
|a Civil rights.
|
| 650 |
|
0 |
|a Human rights.
|
| 650 |
|
0 |
|a Privacy, Right of.
|
| 700 |
1 |
|
|a Weeramantry, C. G.
|
| 710 |
2 |
|
|a United Nations University.
|
| 852 |
4 |
|
|a Ayesha Abed Library
|j General Shelf.
|
| 999 |
|
|
|c 6442
|d 6442
|
| 952 |
|
|
|0 0
|1 0
|2 ddc
|4 0
|6 303_483000000000000_HUM_1990
|7 0
|9 6514
|a BRACUL
|b BRACUL
|c GEN
|d 2009-12-27
|g 0.00
|l 0
|o 303.483 HUM
|p 3010010917
|r 2009-12-27
|t 1
|w 2009-12-27
|y BK
|x No price found in the accession register.
|
| 952 |
|
|
|0 0
|1 0
|2 ddc
|4 0
|6 303_483000000000000_HUM_1990
|7 0
|9 6516
|a BRACUL
|b BRACUL
|c GEN
|d 2009-12-27
|g 0.00
|l 0
|o 303.483 HUM
|p 3010010919
|r 2009-12-27
|t 1
|w 2009-12-27
|y BK
|x No price found in the accession register.
|